000 00944nam a2200277 a 4500
001 24539
003 CO-ViMGA
008 141112s2004 ck r 000 u spa d
020 _a9789588323381
040 _aCO-ViMGA
_bspa
_cCO-ViMGA
082 0 4 _a918.6 G36a
110 _aInstituto Geografico Agustin Codazzi
245 1 0 _aGeografĂ­a de Colombia /
_cIGAC
260 _aColombia :
_bImprenta Nacional de Colombia,
_c2011
300 _axxi, 368 p., ils., cuadros, Mapas a color
505 _aIncluye referencias bibliograficas p. 351 - 365
650 1 4 _aColombia - Clima
_936495
650 1 4 _aColombia - HidrografĂ­a
_936496
650 1 4 _aEcosistemas - Colombia
_936497
650 1 4 _aEstructura del estado colombiano
_936498
650 1 4 _aGeografia - Historia - Colombia
_936499
650 1 4 _aGeografia - Siglo XXI
_936500
650 1 4 _aOrdenamiento territorial
_936501
650 1 4 _aProteccion ambiental
_936502
942 _2ddc
_cBK
999 _c9521
_d9521